000 00660nam a2200241Ia 4500
003 OSt
005 20221007064807.0
006 a|||||r|||| 00| 0
007 ta
008 221006b |||||||| |||| 00| 0 eng d
024 _a22,025
037 _cTextual
040 _aFLL
_cFLL
_beng
041 _2eng
_aeng
082 _aZ236:211:3, J4
100 _aAggarawala Om Prakash
245 0 _aPunjab tendency act (act xvi of 1887)
250 _a4th
260 _aDelhi
_bMetropolitan Book Company Ltd. India
_c1954
300 _axvi,225p
_ccm.
942 _hZ236:211:3, J4
_cTEXL
_2CC
999 _c1135365
_d1135365